000 00718nam a2200253Ia 4500
003 OSt
005 20220928120750.0
006 a|||||r|||| 00| 0
007 ta
008 220927b |||||||| |||| 00| 0 eng d
020 _cUS Dollor 199.95
024 _a140239
037 _bGift, 08/04/2019,
_cTextual
040 _aSDCL
_cSDCL
_beng
041 _2eng
_aeng
082 _aB28, Q3
100 _aHamilton Lawrence C.
_9451006
245 0 _aStatistics with Updated for version 12
260 _aAustralia
_bCengage Learning
_c2013
300 _axii,473p.
_ccm.
650 _aGift
_9391569
942 _hB28, Q3
_cTEXL
_2CC
999 _c765131
_d765131